[Event "HUN-chT4"]
[Site "Hungary"]
[Date "1997.??.??"]
[Round "?"]
[White "Szarka, Istvan"]
[Black "Merenyi, Janos"]
[Result "1-0"]
[WhiteElo "1890"]
[BlackElo "1960"]
[PlyCount "35"]
[EventDate "1997.??.??"]
[EventType "team-tourn"]
[EventRounds "9"]
[EventCountry "HUN"]
[SourceTitle "EXT 2006"]
[Source "ChessBase"]
[SourceDate "2005.11.24"]
[SourceVersion "1"]
[SourceVersionDate "2005.11.24"]
[SourceQuality "1"]

1. e4 c6 2. Nf3 d5 3. exd5 cxd5 4. d4 Bf5 5. c3 e6 6. Bb5+ Nd7 7. Ne5 Ngf6 8. Bg5 Qb6 9. Qa4 Rd8 10. Bxf6 gxf6 11. Nxd7 Rxd7 12. Bxd7+ Kd8 13. Be8 Qc7 14. Bb5 a6 15. Be2 b5 16. Qxa6 e5 17. Qa8+ Ke7 18. Qxd5 1-0